Kursus Pengurusan

Bibliographic Details
Format: Book
Subjects:

MARC

LEADER 00000cam a2200000 7i4500
001 0000005136
005 20030122.0
040 |a INS 
090 0 0 |a M 41 
245 0 0 |a Kursus Pengurusan 
650 0 0 |a Asset Management 
999 |a M41   |b BOOK   |c Microfiche   |e Default branch